<?xml version="1.0" encoding="UTF-8"?><?xml-stylesheet type="text/xsl" href="static/style.xsl"?><OAI-PMH xmlns="http://www.openarchives.org/OAI/2.0/" xmlns:xsi="http://www.w3.org/2001/XMLSchema-instance" xsi:schemaLocation="http://www.openarchives.org/OAI/2.0/ http://www.openarchives.org/OAI/2.0/OAI-PMH.xsd"><responseDate>2026-04-17T05:40:10Z</responseDate><request verb="GetRecord" identifier="oai:www.recercat.cat:10230/45679" metadataPrefix="marc">https://recercat.cat/oai/request</request><GetRecord><record><header><identifier>oai:recercat.cat:10230/45679</identifier><datestamp>2025-12-19T20:27:44Z</datestamp><setSpec>com_2072_6</setSpec><setSpec>col_2072_452954</setSpec></header><metadata><record xmlns="http://www.loc.gov/MARC21/slim" xmlns:dcterms="http://purl.org/dc/terms/" xmlns:xsi="http://www.w3.org/2001/XMLSchema-instance" xmlns:doc="http://www.lyncode.com/xoai" xsi:schemaLocation="http://www.loc.gov/MARC21/slim http://www.loc.gov/standards/marcxml/schema/MARC21slim.xsd">
   <leader>00925njm 22002777a 4500</leader>
   <datafield ind2=" " ind1=" " tag="042">
      <subfield code="a">dc</subfield>
   </datafield>
   <datafield ind2=" " ind1=" " tag="720">
      <subfield code="a">Simoncelli González, Luciana</subfield>
      <subfield code="e">author</subfield>
   </datafield>
   <datafield ind2=" " ind1=" " tag="260">
      <subfield code="c">2020-11-06T11:15:19Z</subfield>
   </datafield>
   <datafield ind2=" " ind1=" " tag="260">
      <subfield code="c">2020-11-06T11:15:19Z</subfield>
   </datafield>
   <datafield ind2=" " ind1=" " tag="260">
      <subfield code="c">2020</subfield>
   </datafield>
   <datafield ind2=" " ind1=" " tag="520">
      <subfield code="a">Treball de fi de grau en Publicitat i Relacions Públiques</subfield>
   </datafield>
   <datafield ind2=" " ind1=" " tag="520">
      <subfield code="a">Tutor: Frederic Guerrero Solé</subfield>
   </datafield>
   <datafield ind2=" " ind1=" " tag="520">
      <subfield code="a">El propósito de este Trabajo de Fin de Grado se basa en conocer la comunicación de la RSC del Grupo CaixaBank ante la crisis del COVID-19 enmarcada dentro de la Teoría de los Stakeholders, la Ciudadanía Empresarial y la Comunicación de Crisis. Para ello, se ha utilizado el análisis de contenido aplicado a la comunicación en su red social de Twitter, con el foco de estudio en tres aspectos principales: el sector de RSC donde se sitúa su actividad; los stakeholders a los que dirigen sus acciones; y su comparativa respecto a actuaciones previas a la crisis.</subfield>
   </datafield>
   <datafield ind2=" " ind1=" " tag="520">
      <subfield code="a">The purpose of this Degree’s Final Project is to get to know how CaixaBank Group’s CSR has&#xd;
responded to the COVID-19 crisis and how it has been communicated. It will be studied inside&#xd;
the theoretical framework of the Stakeholder Theory, the Corporate Citizenship Theory and&#xd;
the Crisis Communication Studies. To reach that goal, content analysis is applied to its&#xd;
communication on their Twitter account, focusing mainly on three aspects: the areas of CSR&#xd;
in which they get involved; the stakeholders they address; and the evolution of their CSR&#xd;
activity compared to pre-coronavirus context.</subfield>
   </datafield>
   <datafield ind2="0" ind1="0" tag="245">
      <subfield code="a">La responsabilidad social corporativa en tiempos de coronavirus: análisis de la respuesta del Grupo CaixaBank ante la crisis sanitaria</subfield>
   </datafield>
</record></metadata></record></GetRecord></OAI-PMH>